| 000 | 00392nam a2200145Ia 4500 | ||
|---|---|---|---|
| 008 | 230312s9999||||xx |||||||||||||| ||und|| | ||
| 020 | _a0-07-147545-7 | ||
| 082 |
_a621.392 _bNAV-V |
||
| 100 | _aNavabi;Zainalabedin | ||
| 245 | 0 | _aVHDL:Modular Design and Synthesis of Cores and Systems | |
| 260 |
_bMcGRAW Hill _aNY _c2007 |
||
| 300 | _a531 | ||
| 650 |
_aEngineering _vTechnical |
||
| 942 | _cBK | ||
| 999 |
_c12153 _d12153 |
||